| 000 | 00725nam a2200193 i 4500 | ||
|---|---|---|---|
| 001 | 137419 | ||
| 003 | ES-MaACL | ||
| 005 | 20250825231531.0 | ||
| 007 | t| | ||
| 008 | 070214s1979 ag r ||||1| spa d | ||
| 100 | 1 |
_aSánchez-Albornoz, Claudio, _d1893-1984 _9102440 |
|
| 245 | 1 | 3 |
_aEl régimen de la tierra en el reino asturleonés hace mil años / _cClaudio Sánchez-Albornoz. |
| 260 |
_aBuenos Aires : _bInstituto de Historia de España, _c1979. |
||
| 300 |
_aXIV, 248 p. ; _c23 cm. |
||
| 650 | 7 |
_aPropiedad rústica- _zAsturias (Comunidad Autónoma) _2 _9164939 |
|
| 710 | 2 |
_aUniversidad de Buenos Aires. _bInstituto de Historia de España. _9162611 |
|
| 852 |
_aES-MaACL _jA-10124 |
||
| 999 |
_c137419 _d137419 |
||